000 00949nam a22003017a 4500
001 9884
003 FISKH
005 20260311161834.0
008 260311b cb ||||| |||| 00| 0 eng d
020 _a9780916119294
040 _aFISKH
_beng
_cFISKH
_dFISKH
050 _aPZ10 .W668
082 _a563
100 _aWilliams , Rozanne Lanczak
245 _aWhose forest is it ? /
_cWritten by Rozanne Lanczak Williams : Illustrated by Rick Grayson
260 _aCalifornia :
_bCreative Teaching Press , Inc ,
_c1994.
300 _a8 pages :
_bcolor illustrations ;
_c16 X 23 cm .
490 _aLearn to read
505 _aC
520 _aDescribes who lives in the forest and how we need to conserve it.
521 8 _a120
_bLexile BR
521 8 _aC
_bRaz-Plus
650 _aHabitats
_vNon-fiction
650 _aAnimals
_vNon-fiction
700 _aGrayson , Rick
_eIllustrator
942 _2ddc
_cBK
_n0
999 _c9884
_d9884